College Teams by Alternate Logo - Statistics

General Stats
  • This quiz has been taken 167 times
  • The average score is 12 of 16
Answer Stats
Picture Answer % Correct
Ohio State
98%
Florida
97%
Oregon
97%
Maryland
94%
Baylor
90%
Cal
90%
UCF
86%
Penn State
82%
North Carolina
81%
Clemson
73%
Memphis
73%
Pitt
70%
Kentucky
61%
Ole Miss
61%
Texas Tech
60%
Arizona
26%
No matching quizzes found
Score Distribution
Percent of People with Each Score
Percentile by Number Answered
Your Score History
You have not taken this quiz